Spinning the commercial web. - Frankfurt am Main [u.a.] : Lang. - 2004 [Rezension]
| Titel: | Spinning the commercial web. - Frankfurt am Main [u.a.] : Lang. - 2004 [Rezension] |
|---|---|
| Verfasser: | |
| In: |
Vierteljahrschrift für Sozial- und Wirtschaftsgeschichte, Band 96, Heft 3 (2009), Seite 437-438 alle Artikel anzeigen |
| Veröffentlicht: | 2009 |
| Format: | Aufsatz |
| Sprache: | Deutsch |
X
alg: 39497939
001A $01999:12-11-16
001B $01999:01-06-17 $t18:14:01.000
001D $01999:12-11-16
001U $0utf8
001X $00
002@ $0Aox
003@ $0394979397
007A $0394979397 $aHEB
007T $0Herdc0055774m
010@ $ager
011@ $a2009
021A $aSpinning the commercial web. - Frankfurt am Main {[u.a.] : Lang. - 2004 [Rezension]
028A $aHäberlein $dMark
031A $d96 $e3 $h437-438 $j2009
039B $aIn $8--Abvc--. Vierteljahrschrift für Sozial- und Wirtschaftsgeschichte. - Stuttgart : Steiner, 1903-. - ISSN 0042-5699 $x200900000960003563 $9047251867
039T $8--Aay--. Spinning the commercial web. - Frankfurt am Main {[u.a.] : Lang, 2004. - 395 S.. - ISBN 3-631-50980-4 $9124756212
lok: 39497939 78
exp: 39497939 78 1 #EPN
201B/01 $018-11-16 $t13:19:55.000
201U/01 $0utf8
203@/01 $079127800X
208@/01 $a12-11-16 $be
209A/01 $a/ $f000 $x00
220C/01 $aTitelaufnehmer: pg
220C/01 $aHerkunft: HI Marburg
244Z/01 $2Trx $#arvustused $#recenzijos $#Reviews $#recenziók $#recenzje $#recenzie $#recenze $8--Trx--Rezensionen $x01 $9391357441
247C/01 $82080>Marburg/Lahn, Herder-Institut, Forschungsbibliothek, Bibliographieportal $9336309341
| LEADER | 00000caa a22000002c 4500 | ||
|---|---|---|---|
| 001 | 394979397 | ||
| 003 | DE-603 | ||
| 005 | 20170601181401.0 | ||
| 007 | tu | ||
| 008 | 161112s2009 xx |||| | u00||u|ger c | ||
| 035 | |a (DE-599)HEB394979397 | ||
| 040 | |a DE-603 |b ger |c DE-603 |d DE-603 | ||
| 041 | |a ger | ||
| 100 | 1 | |a Häberlein, Mark | |
| 245 | 0 | 0 | |a Spinning the commercial web. - Frankfurt am Main [u.a.] : Lang. - 2004 [Rezension] |
| 264 | 0 | |c 2009 | |
| 773 | 0 | 8 | |i In |t Vierteljahrschrift für Sozial- und Wirtschaftsgeschichte |d Stuttgart : Steiner, 1903- |x 0042-5699 |g Band 96, Heft 3 (2009), Seite 437-438 |w (DE-603)047251867 |w (DE-600)200400-8 |
| 787 | 0 | 8 | |i Rezension von |t Spinning the commercial web |d Frankfurt am Main [u.a.] : Lang, 2004 |h 395 S. |z 3631509804 |z 0820464481 |w (DE-603)124756212 |
| 924 | 0 | |9 2080 |a (DE-603)79127800X |b DE-2080 |c HES |d d |g / | |


